✒🎶 Paroles "J'arrive où je suis étranger" Aragon|Ferrat - Statistiques

Statistiques générales
  • Ce quiz a été pris 22 fois
  • Le résultat moyen est 213 sur 292
Statistiques - réponses
Mots % Correct
à
100%
À
100%
C'
100%
D'
100%
d'
100%
Et
100%
et
100%
J'
100%
je
100%
Je
100%
l'
100%
m'
100%
Ô
100%
100%
suis
100%
arrive
93%
de
93%
De
93%
est
93%
est-
93%
étranger
93%
n'
93%
pour
93%
Pour
93%
au
86%
au-
86%
en
86%
homme
86%
il
86%
la
86%
86%
La
86%
le
86%
Le
86%
les
86%
Les
86%
me
86%
qu'
86%
te
86%
ce
79%
devenu ?
79%
être
79%
ne
79%
pas
79%
qui
79%
Qui
79%
se
79%
tes
79%
un
79%
Un
79%
automne
71%
avec
71%
ces
71%
comme
71%
enfant
71%
grand
71%
mais
71%
Mais
71%
nus
71%
peu
71%
Peu
71%
Rien
71%
ses
71%
ta
71%
va
71%
vivre
71%
amère
64%
du
64%
entre
64%
étonne
64%
fondre
64%
givre
64%
inconnu
64%
jour
64%
léger
64%
mer
64%
nos
64%
nous
64%
nous ?
64%
on
64%
passager
64%
pieds
64%
plus
64%
Pourquoi,
64%
pourquoi
64%
précaire
64%
profonde
64%
simagrées ?
64%
son
64%
sont
64%
temps
64%
ton
64%
tu
64%
tu ?
64%
une
64%
vas-
64%
vent
64%
viens-
64%
voyageur
64%
années-
57%
arbres
57%
change
57%
chardon
57%
cœur
57%
Combien
57%
compte
57%
dedans
57%
Demain
57%
doigt
57%
donc ?
57%
eau
57%
fait
57%
faut-
57%
frontière
57%
hier
57%
importe
57%
métamorphoses
57%
Mieux
57%
mieux
57%
ni
57%
nuit
57%
Passe
57%
passes
57%
Quelle
57%
regarde
57%
sans
57%
secondes
57%
sens-
57%
sur
57%
Tout
57%
tout
57%
vaut
57%
vieillir
57%
vieux
57%
yeux
57%
antan
50%
assez
50%
bout
50%
corroie
50%
doigts
50%
enfance
50%
fais
50%
font
50%
genoux
50%
heure
50%
laisser
50%
Lentement
50%
long
50%
longtemps
50%
marées ?
50%
même
50%
monte
50%
pardon
50%
plier
50%
pourtant
50%
sable
50%
tempe
50%
vite
50%
beaux
43%
chose
43%
crier
43%
dissemblance
43%
fuit
43%
silence
43%
visage
43%
basses
36%
croît
36%
cuir
36%
poussière
36%
renoncer
36%
rime
36%
sentir
36%
toi-
36%
Touche
36%
abjurer ?
29%
lampes
29%
Tomber
29%
froide
21%
honte
21%
Aucun quiz correspondant
Distribution des résultats
% des personnes avec chaque résultat
Percentile par nombre de réponses
Votre historique - résultats
Vous n’avez pas pris ce quiz